000
00277nam a2200121Ia 4500
008
190216s9999||||xx |||||||||||||| ||und||
100
_a
Mohsin M
245
0
_a
Financial Planning And Control
260
_b
Kalyani Pub
_c
1977
300
_a
280p
650
_a
Commerce
942
_c
BK
999
_c
4543
_d
4543